000 01789nam a2200409 i 4500
001 192832
003 SpMaBN
005 20250817062602.0
008 230530s2019 sp a | |||| 000 0 spa
017 _aM 24183-2019
_bOficina Depósito Legal Madrid
020 _a9788470756597
020 _a9788494647550
035 _a(OCoLC)1137164322
040 _aSpMaBN
_bspa
_cSpMaBN
_erda
_dES-MaACL
080 _a7.036/.038(083.824)
245 1 0 _aGenealogías del arte o La historia del arte como arte visual /
_cManuel Fontán del Junco, José Lebrero Stals y María Zozaya Álvarez, eds.
246 3 0 _aLa historia del arte como arte visual
260 _a[Madrid] :
_bFundación Juan March :
_bEditorial de Arte y Ciencia
260 _a[Málaga] :
_bMuseo Picasso Málaga,
_c[2019]
300 _a483 páginas :
_bprincipalmente ilustraciones (blanco y negro y color) ;
_c34 cm
336 _aImagen fija
_aTexto
_2rdacontent
337 _asin mediación
_2rdamedia
338 _avolumen
_2rdacarrier
504 _aBibliografía: páginas 471-477
585 _aExposición: Fundación Juan March, Madrid, del 11 de octubre de 2019 al 12 de enero de 2020; Museo Picasso Málaga, del 26 de febrero al 31 de mayo de 2020
650 4 _aArte-
_yS.XX-
_vExposiciones
_2embne
_910140
655 7 _aCatálogos de exposiciones
_2tgfbne
_9193628
700 1 _aFontán del Junco, Manuel,
_d1963-
_epbl
_9226485
700 1 _aLebrero Stals, José,
_d1954-
_epbl
_9226486
700 1 _aZozaya Álvarez, María
_epbl
_9144199
710 2 _aFundación Juan March
_ehis
_94346
710 2 _aMuseo Picasso Málaga
_ehis
_9226487
852 _aES-MaACL
_cDEPOJ
_hDonación: Editorial
_jN-8466
_xCartoné
_9200134
942 _cMONOGRAFIA
_n0
999 _c192832
_d192832